Кузнецова А.

Доступно только в Электронных читальных залах Найти на картеНа карте
RUSMARC
00003972nac2a22003011x 450
0012ec49526-bede-4ec8-b930-555c981fc8ea
00520140109174153.0
100##$a20130529l18971912k y0rusy50 ca
1010#$arus
102##$aRU
105##$ay z |||||
1222#$ad18970101
$ad19120114
2001#$aКузнецова А.
$j1 января 1897 - 14 января 1912
215##$a8 листов
251##$cДело
300##$aЗаголовок дела на папке: Письма от Кузнецова А. Кони А. Ф.
300##$aВ деле имеются документы без дат
300##$a4 письма
300##$aРукописный текст
330##$aПереписка А. Ф. Кони; Письма к А. Ф. Кони
461#0$10013a54f2e3-e9cf-409b-80fa-f0a9bd3c40cb
$12001
$aКони Анатолий Федорович, юрист, литератор, член академии наук, председатель Санкт-Петербургского окружного суда, член государственного совета
$1251
$cФонд
$1852
$j564
462#0$100178a475cd-a47d-4377-bff3-cee4b81de655
$12001
$aОпись дел фонда А. Ф. Кони за 1880-1931 гг.
$1251
$cОпись
$1852
$j1
517##$aПисьма от Кузнецова А. Кони А. Ф.
600#1$aКони
$bА. Ф.
$f1844-1927
$gАнатолий Федорович
600#1$aКузнецов
$bА.
801#0$aRU
$bGA_RF
801#1$aRU
$bНПО Опыт
$c20130529
$2rusmarc
801#2$aRU
$bПБ им. Б.Н. Ельцина
$c20140109
$gRCR
$2rusmarc
852##$aГА РФ
$j2272
937##$d42637574
$hПБ
035##$aRuPRLIB51004177
Формат отображения